Ανάλυση πυρικού περιβάλλοντος των δασών χαλεπιού πεύκης της Κασσάνδρας Χαλκιδικής : πτυχιακή εργασία

Αποθηκεύτηκε σε:
Λεπτομέρειες βιβλιογραφικής εγγραφής
Κύριος συγγραφέας: Τζέκη, Μαρία
Συγγραφή απο Οργανισμό/Αρχή: Πανεπιστήμιο Αιγαίου. Σχολή Περιβάλλοντος. Τμήμα Περιβάλλοντος
Άλλοι συγγραφείς: Δημητρακόπουλος, Αλέξανδρος (Εισηγητής διατριβής)
Μορφή: Thesis Βιβλίο
Γλώσσα:Greek
Δημοσίευση: Μυτιλήνη : Πανεπιστήμιο Αιγαίου, Τμήμα Περιβάλλοντος, Τομέας Διαχείρισης Οικοσυστημάτων, 1994
Θέματα:
Διαθέσιμο Online:http://hdl.handle.net/11610/9863
Ετικέτες: Προσθήκη ετικέτας
Δεν υπάρχουν, Καταχωρήστε ετικέτα πρώτοι!

MARC

LEADER 00000cam a2200000 i 4500
001 1/4437
008 000529s1994 gre d
035 |l 10061192 
040 |a GR-MY-UA  |b gre  |e aacr 
041 0 |a gre 
082 0 |a 363.379  |2 (22) 
100 1 |a Τζέκη, Μαρία. 
245 1 0 |a Ανάλυση πυρικού περιβάλλοντος των δασών χαλεπιού πεύκης της Κασσάνδρας Χαλκιδικής :  |b πτυχιακή εργασία /  |c Τζέκη Μαρία ; επιβλέπων καθήγητής: Α. Π. Δημητρακόπουλος 
260 |a Μυτιλήνη :   |b Πανεπιστήμιο Αιγαίου, Τμήμα Περιβάλλοντος, Τομέας Διαχείρισης Οικοσυστημάτων,   |c 1994 
300 |a 68 σ. ;  |b εικ., πιν.,σχ.;  |c 30 εκ.+  |e 1 χάρτης 
502 |a Πτυχιακή εργασία – Πανεπιστήμιο Αιγαίου, Λέσβος, 1994. 
504 |a Περιέχει παράρτημα και βιβλιογραφία 
650 0 0 |a Pine  |z Greece  |z Chalkidike. 
650 0 0 |a Forest protection  |z Greece  |z Chalcidice Peninsula. 
650 0 0 |a Forest fires  |x Prevention and control. 
650 0 0 |a Dissertations, Academic  |z Greece. 
700 1 |a Δημητρακόπουλος, Αλέξανδρος.  |4 ths 
710 2 |a Πανεπιστήμιο Αιγαίου.   |b Σχολή Περιβάλλοντος.   |b Τμήμα Περιβάλλοντος. 
852 |a INST  |b LESVOS  |c DIATR  |e 20000529  |h 151  |p 005100026182  |q 005100026182  |t DIE  |y 23 
852 |a INST  |b LESVOS  |c DIATR  |e 20000529  |h 152  |p 005100026162  |q 005100026162  |t DIE  |y 23 
856 |u http://hdl.handle.net/11610/9863 
901 |a BIBL1-2000-2 
909 |a Λ  |b 078977 
909 |a Λ  |b 078977 
924 |a ΤΖΕΚΗ  |b ΜΑΡΙΑ  |y ΛΕΣΒΟΣ  |z 1994-06 
970 |a ΑΙΒΑΤΖΙΔΟΥ  |b ΕΛΕΝΗ  |z 2000/05/29